Marks of a mighty church / (Record no. 5569)

MARC details
000 -LEADER
fixed length control field 01063cam a2200277 a 4500
001 - CONTROL NUMBER
control field 4483163
003 - CONTROL NUMBER IDENTIFIER
control field GBCCL
005 - DATE AND TIME OF LATEST TRANSACTION
control field 20241126110545.0
008 - FIXED-LENGTH DATA ELEMENTS--GENERAL INFORMATION
fixed length control field 961008s1995 ilu 000 0 eng
010 ## -
-- 96206993
035 ## - SYSTEM CONTROL NUMBER
System control number (DLC) 96206993
040 ## - CATALOGING SOURCE
Original cataloging agency DLC
Transcribing agency DLC
Modifying agency DLC
050 00 -
-- BS2725.5
-- .W35 1995
082 00 - DEWEY DECIMAL CLASSIFICATION NUMBER
Classification number 227.81007
Edition information 21
Item number WAL
100 1# - MAIN ENTRY--PERSONAL NAME
Personal name Walton, Arthur B.
9 (RLIN) 8355
245 10 - TITLE STATEMENT
Title Marks of a mighty church /
Statement of responsibility, etc. Arthur B. Walton.
250 ## - EDITION STATEMENT
Edition statement Rev.
260 ## - PUBLICATION, DISTRIBUTION, ETC.
Place of publication, distribution, etc. Schaumburg, Ill. :
Name of publisher, distributor, etc. Regular Baptist Press,
Date of publication, distribution, etc. c1995.
300 ## - PHYSICAL DESCRIPTION
Extent 116 p. ;
Dimensions 22 cm.
500 ## - GENERAL NOTE
General note "Prepared primarily for group study in connection with the Adult Teacher's Guide, available from Regular Baptist Press.... This book may be used for individual instruction."
500 ## - GENERAL NOTE
General note "Adult student manual, vol. 44, no. 1"--Verso t.p.
630 00 - SUBJECT ADDED ENTRY--UNIFORM TITLE
Uniform title Bible.
Name of part/section of a work Thessalonians
Form subdivision Textbooks.
9 (RLIN) 10046
906 ## - LOCAL DATA ELEMENT F, LDF (RLIN)
a 7
b cbc
c orignew
d 3
e ncip
f 19
g y-gencatlg
942 ## - ADDED ENTRY ELEMENTS (KOHA)
Source of classification or shelving scheme Dewey Decimal Classification
Koha item type Books
Holdings
Withdrawn status Lost status Source of classification or shelving scheme Damaged status Not for loan Home library Current Library Shelving location Date acquired Total checkouts Full call number Barcode Date last seen Copy number Price effective from Koha item type
    Dewey Decimal Classification     GRACE BIBLE COLLEGE GRACE BIBLE COLLEGE Biblical Studies 2018-03-27   227.81007 WAL 007995 2025-05-01 c.1 2018-03-27 Books
© Grace Bible College Library 2025